| 000 | 01031 a2200313 4500 | ||
|---|---|---|---|
| 999 |
_c200129147 _d32231 |
||
| 001 | 200129147 | ||
| 003 | TR-AnTOB | ||
| 005 | 20190508091229.0 | ||
| 008 | 130506s2006 tu 000 0 | ||
| 020 | _a9758715593 | ||
| 040 |
_aTR-AnTOB _cTR-AnTOB |
||
| 041 | _atur | ||
| 050 | 0 | 0 |
_aDR486 _b.G87 2006 |
| 090 | _aDR486 .G87 2006 | ||
| 100 | 1 |
_aGürbüz, A. Cenani _988614 |
|
| 245 | 1 | 0 |
_aMondros'tan milenyuma Türkiye'de isyanlar, olaylar ve bölücü faaliyetler / _cA. Cenani Gürbüz. |
| 246 | 1 | 2 | _aTürkiye'de isyanlar, olaylar ve bölücü faaliyetler. |
| 264 | 1 |
_aistanbul : _bBilge Karınca, _c2006. |
|
| 300 |
_a328 p. ; _c21 cm. |
||
| 336 |
_2rdacontent _atext _btxt |
||
| 337 |
_2rdamedia _aunmediated _bn |
||
| 338 |
_2rdacarrier _avolume _bnc |
||
| 490 | 0 |
_aGenel Yayın Nu ; _v118 _aİnceleme - Araştırma ; _v18 |
|
| 500 | _aıncludes index. | ||
| 650 | 0 |
_aInsurgency _zTurkey _xHistory _988617 |
|
| 651 | 0 |
_aTurkey _xHistory _xAutonomy and independence movements _9117909 |
|
| 942 |
_cBK _2lcc |
||